00000000nam##2200000za#4500
0019.664615
003CaOODSP
00520210615121732
007ta
008150407|2003||||xxc|||||     f|0| 0 eng|d
020 |a0-660-62328-5
040 |aCaOODSP|beng
041 |aeng
041 |afre
043 |an-cn---
0861 |aYX44-1985/9-1
1101 |aCanada.|bStatutes.
24510|aRevised Statutes of Canada, 1985, Appendices
260 |aOttawa - Ontario : |bStatutes |c2003.
300 |a1 vol. in various pagings. ; |c25 cm.
500 |a"Prepared under the authority of the Statute Revision Act."
5203 |aThis bound edition contains revised statutes of Canada since Confederation to the cut-off date of December 31, 1984. It excludes amendments enacted but not yet in force at the end of 1984. This edition features linguistic and terminological improvement of the French text of a large number of older statutes. Also available in a loose-leaf edition, although only the bound volumes have evidentiary value.
563 |aSoftcover
590 |a03-21|b2003-05-23
7760#|tLois révisées du Canada (1985). Appendices / |w(CaOODSP)9.676802
792 |tLois révisées du Canada (1985), Appendices |efre|w(CaOODSP)9.664616